| 000 | 00539nam a2200193 a 4500 | ||
|---|---|---|---|
| 005 | 20220811064050.0 | ||
| 008 | 080520s1983 mx r 000 0 spa d | ||
| 020 | _a0122739019 | ||
| 035 | _aUPN01000156071 | ||
| 049 | _aCG | ||
| 050 | 4 |
_aQP360 _bP7.8 |
|
| 245 | 0 | 0 |
_aPhysiological correlates of human behaviour / _ced. Anthony Gale. |
| 260 |
_aLondon : _bAcademic Press, _c1983. |
||
| 300 | _av. | ||
| 505 | 8 |
_aContenido: _gv.1. _tBasic issues |
|
| 650 | 4 |
_aPsicofisiología _9452 |
|
| 700 | 1 |
_aGale, Anthony, _ecoaut. |
|
| 905 | _aLibro | ||
| 999 |
_c128185 _d128185 |
||